[Event "André-Louis Moreau"]
[Site "http://www.queenalice.com/game.php?id=411142"]
[Date "2008.5.31"]
[Round "-"]
[White "MOSKY"]
[Black "scaramouche"]
[Result "1-0"]
[WhiteElo "1681"]
[BlackElo "1829"]

1. c4 e5 2. Nc3 Bb4 3. Nd5 Nc6 4. Nxb4 Nxb4 5. Qb3 c5 6. a3 Nc6 7. Qg3 Qf6 8. d3
h6 9. Nf3 d6 10. e4 Nge7 11. Be2 Bd7 12. O-O O-O-O 13. Bd2 g5 14. Bc3 Rdg8 15.
b4 Nd4 16. Bxd4 cxd4 17. c5 g4 18. Nh4 h5 19. f4 gxf3 20. Rxf3 Qe6 21. Qf2 Ng6
22. Rf6 Nxh4 23. Rxe6 Rxg2+ 24. Qxg2 Nxg2 25. Rxd6 Ne3 26. Kh1 h4 27. Rg1 Be6
28. Rg5 f6 29. Rg7 Bh3 30. Rxf6 Bd7 31. Rff7 Rd8 32. Re7 Nc2 33. Rxe5 Nxa3 34.
Rd5 Nc2 35. Rgxd7 Rg8 36. b5 h3 37. Bg4 1-0

[Event "Alagoas - Palamos"]
[Site "http://www.queenalice.com/game.php?id=412679"]
[Date "2008.6.4"]
[Round "-"]
[White "Cleide"]
[Black "MOSKY"]
[Result "0-1"]
[WhiteElo "1194"]
[BlackElo "1679"]

1. e3 e6 2. c4 Nf6 3. Nc3 Be7 4. b3 Nc6 5. Be2 Bb4 6. Nf3 O-O 7. a3 Bxc3 8. dxc3
Ne4 9. Qd3 Nc5 10. Qc2 d6 11. b4 Nd7 12. Ng5 Qxg5 0-1

[Event "Challenge"]
[Site "http://www.queenalice.com/game.php?id=422154"]
[Date "2008.6.23"]
[Round "-"]
[White "pierjean"]
[Black "MOSKY"]
[Result "0-1"]
[WhiteElo "1381"]
[BlackElo "1703"]

1. e4 c5 2. Nf3 Nc6 3. Bb5 Nf6 4. d4 Qa5+ 5. Nc3 Nxe4 6. Qd3 Nxc3 7. bxc3 Nxd4
8. Nxd4 cxd4 9. O-O a6 10. Bc4 Qxc3 11. Qe2 Qxa1 12. Qf3 e6 13. Re1 Bc5 14. Kf1
Bb4 15. Rd1 Qc3 16. Bd3 Qc5 17. a3 Bxa3 18. Bd2 O-O 19. Ra1 Bb4 20. Bxb4 Qxb4
21. g3 f5 22. Be2 f4 23. Bd3 fxg3 24. Bxh7+ Kxh7 25. Qh5+ Kg8 26. hxg3 d3 27.
cxd3 Qb2 28. Ra4 Qxf2# 0-1

[Event "Let's Play Chess!"]
[Site "http://www.queenalice.com/game.php?id=473343"]
[Date "2008.10.6"]
[Round "-"]
[White "Cronos"]
[Black "MOSKY"]
[Result "0-1"]
[WhiteElo "1700"]
[BlackElo "1680"]

1. e4 c5 2. d3 Nc6 3. Nf3 Nf6 4. g3 g6 5. Bg2 d5 6. exd5 Nb4 7. c4 Bg4 8. O-O
Bxf3 9. Bxf3 Qb6 10. Nc3 O-O-O 11. Na4 Qc7 12. Bg4+ Nxg4 13. Qxg4+ e6 14. dxe6
fxe6 15. Qxe6+ Qd7 16. Qxd7+ Rxd7 17. Be3 b6 18. Rfd1 Bg7 19. a3 Nxd3 20. b3
Bxa1 21. Rxa1 Ne5 22. Re1 Nf3+ 23. Kf1 Nxe1 24. Kxe1 Rd3 25. Bf4 Re8+ 26. Kf1
Rxb3 27. Kg2 Re4 0-1

[Event "Challenge"]
[Site "http://www.queenalice.com/game.php?id=486517"]
[Date "2008.11.1"]
[Round "-"]
[White "MOSKY"]
[Black "Losme"]
[Result "0-1"]
[WhiteElo "1696"]
[BlackElo "1468"]

1. e4 e5 2. Nc3 Nf6 3. Qf3 Bb4 4. a3 Bxc3 5. dxc3 d6 6. Bb5+ Bd7 7. Bc4 b5 8.
Bd3 O-O 9. Bd2 a6 10. Bg5 Bg4 11. Bxf6 Bxf3 12. Bxd8 Bxg2 13. Be7 Re8 14. Bh4
Bxh1 15. f3 c6 16. Kd2 Nd7 17. Rd1 Nc5 18. Be2 Re6 19. Bf2 Na4 20. b3 Nc5 21.
Bxc5 dxc5 22. Ke3 g6 23. Nh3 Bg2 24. Nf2 f5 25. exf5 gxf5 26. c4 f4+ 27. Ke4 Kf8
28. Nd3 Rae8 29. Nxc5 Rh6 30. c3 Rxh2 31. Nxa6 Bh3 32. Bd3 Bc8 33. Nb4 Bd7 34.
cxb5 cxb5 35. Rg1 h5 36. Rd1 h4 37. Bf1 Rh1 38. Ra1 h3 39. Bxb5 Rxa1 40. Bxd7
Re1+ 41. Kf5 Re7 42. Nd3 Re3 43. Nf2 Rxf3 44. Nxh3 Rxh3 45. Bb5 Rxc3 46. Ba4 f3
47. Bb5 Rxb3 48. Bc4 Rxa3 49. Kg5 e4 50. Kf4 Ra4 51. Bf1 f2 52. Ke3 Ra1 53. Ke2
e3 54. Kd3 Ra2 55. Be2 Kg7 56. Bf1 Kf6 57. Be2 Kf5 58. Bf1 Kf4 59. Kc3 Kf3 60.
Bc4 Ra5 61. Bf1 e2 62. Bxe2+ Kxe2 63. Kb4 Rae5 64. Kc3 f1=Q 65. Kd4 Qd1+ 66. Kc3
Rc7+ 67. Kb2 Rb5+ 0-1

[Event "Let's Play Chess!"]
[Site "http://www.queenalice.com/game.php?id=495626"]
[Date "2008.11.20"]
[Round "-"]
[White "dladuke7"]
[Black "MOSKY"]
[Result "0-1"]
[WhiteElo "1535"]
[BlackElo "1671"]

1. e4 e6 2. e5 Nc6 3. Nf3 Bb4 4. c3 Be7 5. d4 d6 6. Bf4 dxe5 7. Nxe5 Nxe5 8.
Bxe5 Nf6 9. Bb5+ Kf8 10. Qf3 Qd5 11. Qxd5 Nxd5 12. O-O Bd6 13. Bxd6+ cxd6 14.
Nd2 Ke7 15. Ne4 Bd7 16. Bxd7 Kxd7 17. Ng5 f6 18. Ne4 Rac8 19. Nd2 e5 20. Nb3 e4
21. Na5 f5 22. Nxb7 Rb8 23. Na5 Rxb2 24. Nb3 Nxc3 25. Rfe1 Rb8 26. Rec1 Ne2+ 27.
Kf1 Nxc1 28. Rxc1 Rxa2 29. Na1 Rbb2 30. d5 Rxf2+ 31. Ke1 e3 32. Nb3 Rxg2 33. Nd4
Rg1# 0-1

[Event "Challenge"]
[Site "http://www.queenalice.com/game.php?id=527110"]
[Date "2009.1.22"]
[Round "-"]
[White "MOSKY"]
[Black "seah_thomas"]
[Result "1-0"]
[WhiteElo "1680"]
[BlackElo "1714"]

1. d4 g6 2. e4 d6 3. Nc3 Bg7 4. Nf3 Bg4 5. Be2 Nf6 6. O-O Nbd7 7. e5 dxe5 8.
dxe5 Bxf3 9. exf6 Bxe2 10. fxg7 Rg8 11. Qxe2 Rxg7 12. Rd1 Qc8 13. Bh6 Rg8 14.
Nd5 e6 15. Bf4 Kf8 16. Nxc7 Rb8 17. Nxe6+ fxe6 18. Qxe6 Qe8 19. Bh6+ 1-0

[Event "Let's Play Chess!"]
[Site "http://www.queenalice.com/game.php?id=530832"]
[Date "2009.1.28"]
[Round "-"]
[White "subzila"]
[Black "MOSKY"]
[Result "0-1"]
[WhiteElo "1635"]
[BlackElo "1682"]

1. e4 c5 2. c4 Nc6 3. Nf3 e5 4. d3 Nf6 5. Be2 d6 6. O-O Be7 7. a3 O-O 8. Bd2 Bd7
9. Re1 Nd4 10. Nxd4 cxd4 11. f4 Qb6 12. b4 Nxe4 13. dxe4 d3+ 14. Kf1 Bh4 15. g3
Bh3# 0-1

[Event "Let's Play Chess!"]
[Site "http://www.queenalice.com/game.php?id=548035"]
[Date "2009.2.28"]
[Round "-"]
[White "Cronos"]
[Black "MOSKY"]
[Result "1/2-1/2"]
[WhiteElo "1890"]
[BlackElo "1697"]

1. e4 e5 2. c4 Bc5 3. d3 Nc6 4. Nf3 d6 5. Nc3 f5 6. Be2 f4 7. Nd5 Bb4+ 8. Bd2
Bxd2+ 9. Qxd2 Nf6 10. h3 Nxd5 11. cxd5 Ne7 12. g3 fxg3 13. fxg3 O-O 14. Ng5 c6
15. dxc6 Nxc6 16. Nf3 Be6 17. g4 Qb6 18. b3 Qc5 19. Rc1 Qb6 20. Rf1 Rfc8 21. Ng5
Bd7 22. h4 Nd4 23. Bd1 Rxc1 24. Qxc1 Rc8 25. Qd2 Qd8 26. h5 Bb5 27. Nf3 Nxf3+
28. Bxf3 Qb6 29. g5 Qd4 30. Ke2 Rc3 31. Ke1 Rxd3 32. Bg4 Qa1+ 33. Qd1 Rxd1+ 34.
Bxd1 Bxf1 35. Kxf1 Qxd1+ 36. Kf2 Qxh5 37. g6 Qxg6 38. Ke3 Kf7 39. Kd3 Qg2 40. a4
Qf3+ 41. Kc4 1/2-1/2

[Event "Una más"]
[Site "http://www.queenalice.com/game.php?id=555989"]
[Date "2009.3.14"]
[Round "-"]
[White "Losme"]
[Black "MOSKY"]
[Result "0-1"]
[WhiteElo "1511"]
[BlackElo "1705"]

1. e4 c5 2. c4 d6 3. Nf3 Nf6 4. d3 Nc6 5. a3 Bg4 6. Be2 Bxf3 7. Bxf3 e6 8. O-O
Nd4 9. Nc3 Nxf3+ 10. Qxf3 Nd7 11. b4 cxb4 12. axb4 Be7 13. b5 Ne5 14. Qg3 Ng6
15. f4 Bh4 16. Qf3 O-O 17. f5 Ne5 18. Qe3 Ng4 19. Qd4 e5 20. Qd5 Qb6+ 21. d4 Nf6
22. Na4 Nxd5 23. Nxb6 Nxb6 24. c5 dxc5 25. dxc5 Nd7 26. Ba3 Rfd8 27. g3 Bg5 28.
Rad1 Be3+ 29. Kh1 Nf6 30. Rxd8+ Rxd8 31. Re1 Bf2 32. Re2 Rd1+ 33. Kg2 Rd3 34.
Bb4 Rb3 35. Rd2 Bd4 36. c6 bxc6 37. Bc5 Nxe4 38. Rd1 Nxc5 39. bxc6 Rb2+ 40. Kh3
Na6 41. Rc1 Re2 42. Ra1 Bxa1 0-1

[Event "Challenge"]
[Site "http://www.queenalice.com/game.php?id=581702"]
[Date "2009.5.2"]
[Round "-"]
[White "joey30"]
[Black "MOSKY"]
[Result "1/2-1/2"]
[WhiteElo "1967"]
[BlackElo "1699"]

1. e4 c5 2. Nf3 Nf6 3. Bc4 Nxe4 4. d4 d5 5. Bd3 c4 6. Bxe4 dxe4 7. Nfd2 Qxd4 8.
O-O Nc6 9. Qe2 e5 10. Nxe4 Be6 11. Nbc3 Be7 12. Be3 Qd7 13. Rfd1 Qc7 14. a3 Qa5
15. h3 O-O 16. Ng5 Bxg5 17. Bxg5 Nd4 18. Qd2 f6 19. Be3 Nc6 20. Qe2 Qc7 21. Ne4
Rfd8 22. Nc5 Bd5 23. b3 Nd4 24. Bxd4 exd4 25. Ne6 Bxe6 26. Qxe6+ Kh8 27. bxc4
Rd6 28. Qf5 Qxc4 29. Rab1 Rb8 30. Qe4 Kg8 31. Rxb7 Rdd8 32. Rxb8 Rxb8 33. Rxd4
Qf7 34. c4 Qc7 35. g3 Qc8 36. Qd5+ Kh8 37. Kg2 Qb7 38. h4 Qxd5+ 39. Rxd5 Rc8 40.
c5 g6 41. Kf3 Kg8 42. Ke4 Re8+ 43. Kd3 Rc8 44. Kc4 Kf7 45. Kb5 Rb8+ 46. Ka6 Ke6
47. Rd3 Rb2 48. f3 Rc2 49. Kb5 Rb2+ 50. Ka6 Rc2 51. a4 Rxc5 52. a5 Re5 53. Ra3
g5 54. hxg5 fxg5 55. Kxa7 Kd5 56. Kb6 Re6+ 57. Kc7 Re7+ 58. Kb6 Re6+ 59. Kb5 Re1
60. Rd3+ Ke5 61. a6 Rb1+ 62. Kc6 Rc1+ 63. Kb5 Rb1+ 64. Kc6 Rc1+ 65. Kb6 Rb1+ 66.
Kc7 Ra1 67. Kb7 Rb1+ 68. Kc6 1/2-1/2

[Event "Let's Play Chess!"]
[Site "http://www.queenalice.com/game.php?id=612980"]
[Date "2009.7.4"]
[Round "-"]
[White "elche"]
[Black "MOSKY"]
[Result "1-0"]
[WhiteElo "1739"]
[BlackElo "1732"]

1. e4 c5 2. Nc3 Nc6 3. g3 Nf6 4. Bg2 d6 5. f4 Bg4 6. Nge2 Bxe2 7. Nxe2 Ng4 8.
O-O e6 9. h3 Nh6 10. d3 Nd4 11. Nxd4 cxd4 12. c3 dxc3 13. Qa4+ Qd7 14. Qxd7+
Kxd7 15. bxc3 Ng8 16. Ba3 Rc8 17. c4 d5 18. Bxf8 Rxf8 19. exd5 exd5 20. Bxd5 b6
21. Rfe1 Nf6 22. Bf3 Rc8 23. g4 h6 24. g5 hxg5 25. fxg5 Nh7 26. Bg4+ Kc6 27. h4
Rcd8 28. Bf5 Nf8 29. Re7 a6 30. Rxf7 Rg8 31. Re1 g6 32. Rf6+ Kc5 33. Re5+ Kd4
34. Re4+ Kc3 35. Be6 Rg7 36. Rf3 Kb2 37. Kg2 Kxa2 38. c5+ Nxe6 39. Rxe6 Rh7 40.
Rxb6 Rxh4 41. Rxg6 a5 42. Ra6 Rg4+ 43. Rg3 Rxg3+ 44. Kxg3 Rxd3+ 45. Kh4 Rd4+ 46.
Kh5 Kb3 47. Rxa5 Kb4 48. Ra1 Kxc5 49. g6 Rd7 50. Kh6 Rd6 51. Kh7 Rd7+ 52. g7
Rxg7+ 53. Kxg7 Kd4 54. Kf6 1-0

[Event "Challenge"]
[Site "http://www.queenalice.com/game.php?id=643761"]
[Date "2009.8.28"]
[Round "-"]
[White "MOSKY"]
[Black "Esvir"]
[Result "0-1"]
[WhiteElo "1711"]
[BlackElo "1801"]

1. e4 e5 2. Nc3 Bb4 3. a3 Bxc3 4. dxc3 Nf6 5. Nf3 d6 6. Bb5+ Bd7 7. Bxd7+ Nbxd7
8. Bg5 O-O 9. O-O h6 10. Bxf6 Nxf6 11. Re1 Re8 12. c4 c6 13. c3 Qb6 14. b3 Rad8
15. Qc2 d5 16. exd5 cxd5 17. cxd5 e4 18. Nd2 e3 19. Rxe3 Rxe3 20. Nc4 Re2 21.
Qxe2 Qxb3 22. d6 Qxc3 23. Rb1 Re8 24. Qf1 b5 25. Rxb5 Re1 26. Rb8+ Kh7 27. Ne3
Rxf1+ 28. Nxf1 Qxa3 29. Rb7 Qxd6 30. Rxa7 Ng4 31. h3 Ne5 32. Ra5 g5 33. Rxe5
Qxe5 34. Ng3 f5 35. Kh1 Qe1+ 36. Kh2 Qxf2 37. h4 f4 38. Nf5 f3 0-1

[Event "Let's Play Chess!"]
[Site "http://www.queenalice.com/game.php?id=697814"]
[Date "2009.12.14"]
[Round "-"]
[White "MOSKY"]
[Black "lafasouza"]
[Result "1/2-1/2"]
[WhiteElo "1734"]
[BlackElo "1638"]

1. d4 d5 2. Nc3 e6 3. e4 dxe4 4. Nxe4 Nf6 5. Bb5+ Bd7 6. Nxf6+ Qxf6 7. Bxd7+
Nxd7 8. Nf3 Nb6 9. O-O Rd8 10. Bg5 Qg6 11. Bxd8 Kxd8 12. Ne5 Qf6 13. Ng4 Qf5 14.
Ne3 Qg6 15. a4 Bd6 16. a5 Qh6 17. Ng4 Qh5 18. axb6 f5 19. bxc7+ Bxc7 20. Ne5 Qe8
21. c3 Bxe5 22. dxe5+ Qd7 23. Rxa7 Qxd1 24. Rxd1+ Kc7 25. f4 g6 26. Kf2 Kb8 27.
Ra4 Rc8 28. Rd7 b5 29. Ra6 h5 30. Rb6+ Ka8 31. Rxe6 Rg8 32. Ra6+ Kb8 33. Rb6+
Kc8 34. Re7 Rd8 35. Rc6+ Kb8 36. Rb6+ Kc8 37. Rc6+ Kb8 38. Rb6+ Kc8 1/2-1/2

[Event "Challenge"]
[Site "http://www.queenalice.com/game.php?id=703623"]
[Date "2009.12.26"]
[Round "-"]
[White "MOSKY"]
[Black "thedead"]
[Result "1-0"]
[WhiteElo "1732"]
[BlackElo "1278"]

1. d4 d5 2. Nc3 e6 3. a3 h6 4. e4 dxe4 5. Nxe4 Nd7 6. Bd3 Ngf6 7. Nxf6+ Nxf6 8.
Nf3 Be7 9. O-O O-O 10. Bd2 c5 11. dxc5 Bxc5 12. Bb4 1-0

[Event "Challenge"]
[Site "http://www.queenalice.com/game.php?id=750338"]
[Date "2010.3.23"]
[Round "-"]
[White "MOSKY"]
[Black "joseluisgrilo"]
[Result "0-1"]
[WhiteElo "1748"]
[BlackElo "1634"]

1. e4 e5 2. Nc3 Nf6 3. Qf3 Bc5 4. Bc4 d6 5. Na4 Nbd7 6. Nxc5 Nxc5 7. d3 O-O 8.
Bd2 Be6 9. Bxe6 Nxe6 10. Ne2 g6 11. O-O a5 12. Bh6 Re8 13. Rfe1 c5 14. c4 Nd4
15. Nxd4 cxd4 16. Bg5 Re6 17. Rad1 b6 18. Rd2 Kg7 19. Rc2 Qd7 20. b3 a4 21. b4
h6 22. Bd2 h5 23. Bg5 Nh7 24. Bd2 Rf6 25. Qd1 b5 26. cxb5 Qxb5 27. Qe2 d5 28.
exd5 Qxd5 29. Qxe5 Rd8 30. Bf4 Kg8 31. b5 Qxe5 32. Bxe5 Re6 33. Rc6 Rde8 34. f4
f6 35. Rxe6 Rxe6 36. Kf2 fxe5 37. fxe5 Ng5 38. b6 Rxb6 39. Re2 Kf7 40. h4 Ne6
41. Rc2 Rb5 42. Kf3 Rxe5 43. g4 Re3+ 44. Kf2 hxg4 45. Rc4 g3+ 46. Kg1 Nf4 47.
Kf1 g2+ 0-1

[Event "Challenge"]
[Site "http://www.queenalice.com/game.php?id=768063"]
[Date "2010.4.29"]
[Round "-"]
[White "MOSKY"]
[Black "babycrocket"]
[Result "1-0"]
[WhiteElo "1730"]
[BlackElo "1771"]

1. e4 e5 2. Nc3 Nc6 3. Nf3 d6 4. Bb5 Bd7 5. O-O Nce7 6. d4 Bxb5 7. Nxb5 exd4 8.
Qxd4 a6 9. Nc3 Nc6 10. Qc4 Qd7 11. Bf4 O-O-O 12. Rad1 Nf6 13. Bg5 Qe6 14. Qe2
Be7 15. Nd4 Nxd4 16. Rxd4 Rhe8 17. Rfd1 Ng4 18. Bxe7 Rxe7 19. Nd5 Red7 20. Nf4
Qxa2 21. Qxg4 Qxb2 22. c4 f6 23. Ne6 1-0